AH International Schools' Libraries

Peppa Pig: Peppa goes on holiday / (Record no. 48554)

MARC details
000 -LEADER
fixed length control field 00405nam a2200121 4500
020 ## - INTERNATIONAL STANDARD BOOK NUMBER
International Standard Book Number 9780723297819
100 ## - MAIN ENTRY--PERSONAL NAME
Personal name Neville, Astley,
Relator term creator.
9 (RLIN) 86100
245 ## - TITLE STATEMENT
Title Peppa Pig: Peppa goes on holiday /
Statement of responsibility, etc Created by Neville Astley and Mark Baker.
260 ## - PUBLICATION, DISTRIBUTION, ETC. (IMPRINT)
Place of publication, distribution, etc UK.
Name of publisher, distributor, etc Ladybird;
Date of publication, distribution, etc 2015.
300 ## - PHYSICAL DESCRIPTION
Extent 24 pages
650 #0 - SUBJECT ADDED ENTRY--TOPICAL TERM
9 (RLIN) 63112
Topical term or geographic name as entry element Books : Children's Books : Holidays & Celebrations : Christmas
942 ## - ADDED ENTRY ELEMENTS (KOHA)
Source of classification or shelving scheme
Koha item type Book
Holdings
Withdrawn status Lost status Source of classification or shelving scheme Damaged status Not for loan Home library Current library Date acquired Total Checkouts Full call number Barcode Date last seen Date checked out Price effective from Koha item type
          Logos International School Logos International School 03/10/2025 7 E PEP 040484 03/16/2026 03/13/2026 03/10/2025 Book

For any Logos Library related questions please contact Miss Art at swongnarasuk@asianhope.org.

For any Asian Hope Library related questions please contact Miss Raza at graza@asianhope.org.

Click here to explore our ebooks!

Powered by Koha